Statistics for Point to countries on a map map quiz 2

Click here to take the quiz!

General Stats

  • This quiz has been taken 5 times
  • The average score is 74 of 197

Answers on the Map

Answers color-coded by a green-red scale on the quiz's map according to % correct below.
 

Answer Stats

Answer% Correct
Italy
75%
Paraguay
75%
Peru
75%
Philippines
75%
Argentina
50%
Australia
50%
Bahamas
50%
Bangladesh
50%
Bolivia
50%
Brazil
50%
Cambodia
50%
Canada
50%
Cape Verde
50%
Central African Republic
50%
Chad
50%
Chile
50%
China
50%
Columbia
50%
Cuba
50%
Democratic Republic of the Congo
50%
Denmark
50%
Dominican Republic
50%
Ecuador
50%
Egypt
50%
Eritrea
50%
Ethiopia
50%
Finland
50%
France
50%
Germany
50%
Greece
50%
Guatamala
50%
Guyana
50%
Haiti
50%
Honduras
50%
Iceland
50%
India
50%
Indonesia
50%
Iran
50%
Iraq
50%
Ireland
50%
Jamaica
50%
Japan
50%
Kazachstan
50%
Kiribati
50%
Laos
50%
Lesotho
50%
Libya
50%
Madagascar
50%
Malaysia
50%
Maldives
50%
Mali
50%
Malta
50%
Mauritius
50%
Mexico
50%
Mongolia
50%
Morocco
50%
Myanmar
50%
Nepal
50%
New Zeeland
50%
Niger
50%
Nigeria
50%
North Korea
50%
Norway
50%
Oman
50%
Pakistan
50%
Panama
50%
Papua New Guinea
50%
Poland
50%
Portugal
50%
Romania
50%
Russia
50%
Saudi Arabia
50%
Seychelles
50%
Somalia
50%
South Africa
50%
South Korea
50%
South Sudan
50%
Spain
50%
Sri Lanka
50%
Sudan
50%
Suriname
50%
Sweden
50%
Switzerland
50%
Taiwan
50%
Thailand
50%
Trinidad and Tobago
50%
Tunesia
50%
Turkey
50%
Ukraine
50%
United Arab Emirates
50%
Uruguay
50%
USA
50%
Uzbekistan
50%
Venezuela
50%
Vietnam
50%
Yemen
50%
Afghanistan
25%
Albania
25%
Algeria
25%
Andorra
25%
Angola
25%
Antigua and Barbuda
25%
Armenia
25%
Austria
25%
Azerbaijan
25%
Bahrain
25%
Barbados
25%
Belarus
25%
Belgium
25%
Belize
25%
Benin
25%
Bhutan
25%
Bosnia and Herzegovina
25%
Botswana
25%
Brunei
25%
Bulgaria
25%
Burkina Faso
25%
Burundi
25%
Cameroon
25%
Comoros
25%
Costa Rica
25%
Croatia
25%
Cyprus
25%
Czechia
25%
Djibouti
25%
Dominica
25%
East Timor
25%
El Salvador
25%
Equatorial Guinea
25%
Estonia
25%
Eswatini
25%
Federated States of Micronesia
25%
Fiji
25%
Georgia
25%
Ghana
25%
Grenada
25%
Guinea
25%
Guinea-Bissau
25%
Hungary
25%
Israel
25%
Ivory Coast
25%
Jordan
25%
Kenya
25%
Kosovo
25%
Kuwait
25%
Kyrgyzstan
25%
Latvia
25%
Lebanon
25%
Liberia
25%
Liechtenstein
25%
Lithuania
25%
Luxembourg
25%
Malawai
25%
Marshall Islands
25%
Mauritania
25%
Moldova
25%
Monaco
25%
Montenegro
25%
Mozambique
25%
Namibia
25%
Nauru
25%
Netherlands
25%
Nicaragua
25%
North Macedonia
25%
Palau
25%
Palestine
25%
Qatar
25%
Republic of the Congo
25%
Rwanda
25%
Saint Kitts and Nevis
25%
Saint Lucia
25%
Saint Vincent and the Grenadines
25%
Samoa
25%
San Marino
25%
Sao Tome and Principe
25%
Senegal
25%
Serbia
25%
Sierra Leone
25%
Singapore
25%
Slovakia
25%
Slovenia
25%
Solomon Islands
25%
Syria
25%
Tajikistan
25%
Tanzania
25%
Togo
25%
Tonga
25%
Turkmenistan
25%
Tuvalu
25%
Uganda
25%
Vanuatu
25%
Vatican City
25%
Zambia
25%
Zimbabwe
25%
Gabon
0%
The Gambia
0%
United Kingdom
0%

Score Distribution

Percentile by Number Answered

Percent of People with Each Score

Your Score History

You have not taken this quiz